| 000 | 00862cab a2200241 4500 | ||
|---|---|---|---|
| 001 | WB2909-46 | ||
| 008 | 090401t1993 xxu||||| |||| 00| 0 eng d | ||
| 035 | _a(Sirsi) u63178 | ||
| 041 | _aeng | ||
| 245 | _aCrackdown to hit house prices | ||
| 260 | _c1993 | ||
| 350 | _a0 | ||
| 490 |
_aBirmingham Post _v3 March 1993, 5(1) |
||
| 520 | _aThe ISVA reckons that the cost of ensuring compliance with the Property Misdescriptions Act, in force on 4 April, will lead to increased conveyancing fees, thus adding to the cost of purchasing a house. | ||
| 650 | _aCONVEYANCING FEES | ||
| 650 | _aCOSTS | ||
| 650 | _aHOUSE PURCHASE | ||
| 650 | _aPROPERTY MISDESCRIPTIONS ACT 1991 | ||
| 690 | _aPROPERTY-RESIDENTIAL PROPERTY-RESIDENTIAL PROPERTY MARKET | ||
| 690 | _aMANAGEMENT-BUSINESS MANAGEMENT-PROFESSIONAL PRACTICE | ||
| 942 | _n0 | ||
| 948 | _c04/03/1997 | ||
| 999 |
_c39281 _d39281 |
||